Pamela the probation officer. (Record no. 14088)
[ view plain ]
| 000 -LEADER | |
|---|---|
| fixed length control field | 00473nam a22001812 4500 |
| 001 - CONTROL NUMBER | |
| control field | 0000005520 |
| 005 - DATE AND TIME OF LATEST TRANSACTION | |
| control field | 20151217160105.0 |
| 008 - FIXED-LENGTH DATA ELEMENTS--GENERAL INFORMATION | |
| fixed length control field | 070615s xx 000 0 eng d |
| 040 ## - CATALOGING SOURCE | |
| Original cataloging agency | KABU |
| Transcribing agency | KABU |
| 050 #0 - LIBRARY OF CONGRESS CALL NUMBER | |
| Classification number | PZ7 |
| Item number | .H8P76 |
| 100 1# - MAIN ENTRY--PERSONAL NAME | |
| Personal name | Hunter, Cynthia. |
| -- | 0000156795 |
| 245 10 - TITLE STATEMENT | |
| Title | Pamela the probation officer. |
| 260 ## - PUBLICATION, DISTRIBUTION, ETC. (IMPRINT) | |
| Place of publication, distribution, etc. | Nairobi : |
| Name of publisher, distributor, etc. | Phoenix, |
| Date of publication, distribution, etc. | 1987. |
| 300 ## - PHYSICAL DESCRIPTION | |
| Extent | 143 p. |
| 908 ## - PUT COMMAND PARAMETER (RLIN) | |
| Put command parameter | 070615 |
| 950 ## - LOCAL HOLDINGS (RLIN) | |
| -- | 1 |
| Withdrawn status | Lost status | Source of classification or shelving scheme | Not for loan | Home library | Current library | Date acquired | Total Checkouts | Full call number | Barcode | Date last seen | Price effective from | Koha item type |
|---|---|---|---|---|---|---|---|---|---|---|---|---|
| Library of Congress Classification | Kabarak, Main Campus | Kabarak, Main Campus | 17/12/2015 | PZ7 .H8P76 | 15996 | 17/12/2015 | 17/12/2015 | Children Collection |